Tvorba marketingového informačného systému v organizáciách verejného sektora

Funkcie marketingového informačného systému (MIS) v procese zvyšovania adaptability organizácie verejného sektora. Rozhodnutie o konkrétnom spôsobe obstarania MIS. Hodnotenie výkonnosti marketingového informačného systému. Integrácia internetu do marketingového informačného systému. Implementácia ko...

Descrizione completa

Salvato in:
Dettagli Bibliografici
Autore principale: Rózsa, Zoltán
Natura: Capitolo di libro
Lingua:slovacco
Soggetti:
Tags: Aggiungi Tag
Nessun Tag, puoi essere il primo ad aggiungerne!!

MARC

LEADER 00000naa$a2200000$$$4500
001 0080009
005 20221017110220.3
041 0 |a slo 
044 |a SK 
245 1 0 |a Tvorba marketingového informačného systému v organizáciách verejného sektora  |c Zoltán Rózsa 
520 |a Funkcie marketingového informačného systému (MIS) v procese zvyšovania adaptability organizácie verejného sektora. Rozhodnutie o konkrétnom spôsobe obstarania MIS. Hodnotenie výkonnosti marketingového informačného systému. Integrácia internetu do marketingového informačného systému. Implementácia koncepcie CRM (Customer relationship management). 
610 2 0 |a systémy informačné 
610 2 0 |a marketing 
610 2 0 |a sektor verejný 
610 2 0 |a internet 
610 2 0 |a systém CRM 
610 2 0 |a riadenie vzťahov so zákazníkmi 
100 1 |a Rózsa, Zoltán